000
00285nam a2200121 a 4500
005
20140414132012.0
008
110309s19uu xx 00 eng d
050
_a
VCD
_b
N93
245
_a
Nursery songs Vol 4.
650
_a
Nursery rhymes
650
_a
Children songs
999
_c
113291
_d
113291